[Event "IND-ch U25"]
[Site "Calicut"]
[Date "2013.10.08"]
[Round "9"]
[White "Yogit, S."]
[Black "Abir, Sinha"]
[Result "1/2-1/2"]
[WhiteElo "2024"]
[BlackElo "1839"]
[PlyCount "32"]
[EventDate "2013.10.02"]
[EventType "swiss"]
[EventRounds "9"]
[EventCountry "IND"]
[SourceTitle "EXT 2014"]
[Source "ChessBase"]
[SourceDate "2013.11.20"]
[SourceVersion "1"]
[SourceVersionDate "2013.11.20"]
[SourceQuality "1"]

1. e4 c5 2. Nf3 g6 3. d4 cxd4 4. Nxd4 Bg7 5. Nc3 Nc6 6. Be3 Nf6 7. Be2 d6 8. Nb3 0-0 9. f4 Be6 10. g4 Na5 11. g5 Nd7 12. h4 Rc8 13. Bd4 Bxb3 14. axb3 e5 15. fxe5 Nc6 16. Bf2 dxe5 1/2-1/2

[Event "IND-ch U25"]
[Site "Calicut"]
[Date "2013.10.05"]
[Round "6"]
[White "Abir, Sinha"]
[Black "Chandar, Raju"]
[Result "1-0"]
[WhiteElo "1839"]
[BlackElo "1865"]
[PlyCount "115"]
[EventDate "2013.10.02"]
[EventType "swiss"]
[EventRounds "9"]
[EventCountry "IND"]
[SourceTitle "EXT 2014"]
[Source "ChessBase"]
[SourceDate "2013.11.20"]
[SourceVersion "1"]
[SourceVersionDate "2013.11.20"]
[SourceQuality "1"]

1. e4 e6 2. d4 d5 3. Nd2 Nf6 4. e5 Nfd7 5. Bd3 c5 6. c3 Nc6 7. Ne2 Qb6 8. Nf3 Be7 9. 0-0 Nf8 10. Bc2 Bd7 11. dxc5 Bxc5 12. Ned4 Ng6 13. Nxc6 bxc6 14. b4 Be7 15. Re1 0-0 16. Bg5 Qd8 17. Qd2 Nh4 18. Bxh4 Bxh4 19. Nxh4 Qxh4 20. Re3 f5 21. Rh3 Qe7 22. Qd4 Be8 23. a4 Bg6 24. f4 c5 25. Qd2 Rfc8 26. Rb1 Rab8 27. b5 c4 28. Re3 a6 29. b6 Be8 30. a5 Qa3 31. b7 Rd8 32. Rb6 Qxa5 33. Qd4 Qa2 34. Bd1 Qa3 35. g4 Qe7 36. gxf5 exf5 37. Bf3 Kh8 38. Bxd5 Qc7 39. Rd6 Rxd6 40. exd6 Qxd6 41. Qxc4 Bd7 42. Qc8+ Qf8 43. Qxd7 h6 44. Qe7 Kh7 45. Qxf8 Rxf8 46. Re7 a5 47. Rc7 Rd8 48. Rc8 Rxd5 49. b8Q Rd1+ 50. Kf2 Rd2+ 51. Ke3 Rd7 52. Rh8+ Kg6 53. Qe8+ Rf7 54. Rf8 Kh5 55. Qxf7+ Kh4 56. Qxg7 Kh5 57. Rxf5+ Kh4 58. Qg3# 1-0

[Event "Commonwealth-ch"]
[Site "New Delhi"]
[Date "2010.05.10"]
[Round "1"]
[White "Sriram, Jha"]
[Black "Abir, Sinha"]
[Result "1-0"]
[WhiteElo "2507"]
[BlackElo "1902"]
[PlyCount "69"]
[EventDate "2010.05.10"]
[EventType "swiss"]
[EventRounds "11"]
[EventCountry "IND"]
[SourceTitle "CBM 136 Extra"]
[Source "ChessBase"]
[SourceDate "2010.07.02"]
[SourceVersion "2"]
[SourceVersionDate "2010.07.15"]
[SourceQuality "1"]

1. c4 e6 2. Nf3 d5 3. g3 Nf6 4. Bg2 Be7 5. 0-0 0-0 6. b3 b6 7. Bb2 Bb7 8. Qc2 Nbd7 9. d3 c5 10. e3 Rc8 11. Nbd2 Qc7 12. Rac1 Rfd8 13. Qb1 Qb8 14. Rfd1 Bd6 15. Qa1 Re8 16. a3 a6 17. d4 cxd4 18. exd4 Qa8 19. Ne5 Bc7 20. Nxd7 Nxd7 21. c5 b5 22. b4 Bc6 23. Bc3 e5 24. dxe5 Bxe5 25. Nb3 Bxc3 26. Qxc3 Nf6 27. Nd4 Ne4 28. Qb2 g6 29. h4 Bd7 30. Qb3 Nf6 31. Qf3 Kg7 32. Qc3 Be6 33. Rd3 Kg8 34. Nxe6 Rxe6 35. Bh3 1-0